| 000 | 01090nam-a2200241-a-4500 | ||
|---|---|---|---|
| 001 | 000068774 | ||
| 003 | AM-YeHGA | ||
| 005 | 20250617153402.0 | ||
| 008 | 950720s1979 xxu 000 0 ||| u | ||
| 040 | _aAM-YeHGA | ||
| 041 | 0 | _arus | |
| 245 | 0 | 0 |
_aВзрывоимпульсное разрушение горных пород / _c[А.В. Докукин, Ю.Д. Красников, А.А. Шубин и др.] ; Отв. ред. А.В. Докукин; Ин-т горн. дела им. А.А. Скочинского. |
| 260 |
_aМосква : _bНаука, _c1979. |
||
| 300 |
_a211 с., 1 л. схем. : _bил. ; _c21 см. |
||
| 500 | _aАвт. указаны на обороте тит. л. | ||
| 504 | _aБиблиогр.: с. 207-208 | ||
| 653 | 0 | _aГорные машины, взрывоимпульсные | |
| 700 | 1 |
_aДокукин, Александр Викторович _eавт. _4aut _eред. _4edt |
|
| 700 | 1 | _aШубин, А.А. | |
| 710 | 2 | _aИнститут горного дела им. А.А. Скочинского | |
| 942 |
_2udc _cBK |
||
| 090 | _c392020 | ||
| 999 |
_c390016 _d390016 |
||